000 01350cam a22004334i 4500
003 PE-LiUPU
005 20250731172930.0
008 s1989 xxu gr 000 0 eng d
035 _a(Sirsi) a204386
040 _aPE-LiUPU
_bspa
_cPE-LiUPU
_erda
049 _aPRUA
082 0 4 _a286.7
_bN67
_221
100 1 _aNix, Jame R.,
_eautor.
245 1 0 _aMemorable date :
_bFrom our adventist past /
_cJame R. Nix.
264 1 _aNew Jersey :
_bSDA,
_c1989.
300 _a172 páginas ;
_c20 centímetros.
336 _atext
_2rdacontent
337 _aunmediated
_2rdamedia
338 _avolume
_2rdacarrier
505 2 _aThe unknown prophet --Memoirs of Willian Miller --Chronology of Seven-day Adventist.
526 _aSEG42
526 _aSEG41
526 _aSEG40
526 _aSEG39
526 _aP94
526 _aP87
526 _aP86
526 _aP85
526 _aP77
526 _aP76
526 _aP35
650 0 4 _aPasado adventista
650 0 4 _aHistoria Adventista
942 _2ddc
_cBOOK
994 _aC0
_bPEPRU
596 _a1
999 _a286.7 N67
_wLC
_c20748
_i76256
_f2021-11-11
_g5
_lCCODEBUL1
_mBUL
_p10.00
_r0
_sY
_tBOOK
_u2017-6-15
_xTEOLOGIA
_PP85
_0DONACION
_o.STAFF. Colección Teología
_d20748
980 _81
_gALBERTO SANCHEZ Responsable de Automatización